000 02377nam0a2200469 4500
001 RU\NLR\BIBL_A\012228672
005 20200324101142.0
010 _a978-5-04-107867-6
_91000
021 _aRU
_bКН-П-20-000631
_9КН-П-20-0040
035 _a(NLR Aleph) 012228672
035 _a(RuMoRGB)010226028
090 _a10973341
_c10973341
100 _a20200225d2020 u y0rusy50 ca
101 1 _arus
_cgrc
_deng
102 _aRU
105 _a||||wzzz0||zy
181 0 _ai
_baxxe
182 0 _an
200 1 _aАмбигвы
_iТрудности к Фоме
_iТрудности к Иоанну
_fпреп. Максим Исповедник
_gперевод с древнегреческого Д. А. Черноглазова и А. М. Шуфрина
_gГреческий институт в Санкт-Петербурге, Ахтырский Свято-Троицкий монастырь
203 _aТекст
_bвизуальный
_cнепосредственный
210 _aМосква
_cЭксмо
_d2020
215 _a991 с.
_d24
225 1 _aВизантийская философия
_dΣΜΑΡΑΓΔΟΣ ΦΙΛΟΚΑΛΙΑΣ
_vт. 18
_zgre
300 _aРез. англ.
320 _aБиблиогр.: с. 899-912 и в тексте коммент.
320 _aУказ. в тексте
327 1 _aВ кн. также: Биобиблиографический очерк жизни и творчества прп. Максима / Г.И. Беневич
500 1 0 _7ca
_aТрудности к Фоме
_92638347
_3RU\NLR\AUTH\5507375
500 1 0 _7ca
_aТрудности к Иоанну
_92638348
_3RU\NLR\AUTH\5507376
606 1 _aПатристика
_92291912
_3RU\NLR\AUTH\661372588
686 2 _aЭ37-4
700 0 _7ca
_8rus
_aМаксим Исповедник
_fок.580-662
_9123679
_3RU\NLR\AUTH\7714001
702 0 _4660
_7ca
_8rus
_aФома
_cмонах
_f7 в.
_9217237
_3RU\NLR\AUTH\770217293
702 0 _4660
_7ca
_8rus
_aИоанн
_cмитрополит Кизический
_f7 в.
_9217244
_3RU\NLR\AUTH\770217300
702 1 _aЧерноглазов
_bД. А.
_gДмитрий Александрович
_4730
942 _cBOOK
980 _aNBR
980 _aNB